|
|
|
|
| LEADER |
01222nam a2200337 a 4500 |
| 001 |
000581712 |
| 003 |
CZ BrMZK |
| 005 |
20200330135733.0 |
| 007 |
ta |
| 008 |
011217s2001 xr g 6 1 cze d |
| 015 |
|
|
|a cnb001037498
|
| 020 |
|
|
|a 80-86482-05-7
|
| 035 |
|
|
|a (OCoLC)50343501
|
| 040 |
|
|
|a BOA001
|b cze
|
| 041 |
1 |
|
|a cze
|h eng
|
| 072 |
|
7 |
|a 741.52
|x Komiksy. Komiksové adaptace
|2 Konspekt
|9 21
|
| 080 |
|
|
|a 741.52(0:82-322.9)
|2 MRF
|
| 100 |
1 |
|
|a Ennis, Garth,
|d 1970-
|7 jn20020717531
|4 sce
|
| 245 |
1 |
0 |
|a Darkness /
|c scénář Garth Ennis ; kresba tužkou Mark Silvestri ; kresba perem Batt ; barvy Steve Firchow ; překlad Pavel Dort
|
| 250 |
|
|
|a 1. české vyd.
|
| 260 |
|
|
|a Praha :
|b Calibre Publishing,
|c c2001
|
| 300 |
|
|
|a [170] c. :
|b barev. il. ;
|c 24 cm
|
| 655 |
|
7 |
|a superhrdinské komiksy
|7 fd1057488
|2 czenas
|
| 655 |
|
7 |
|a fantasy komiksy
|7 fd1057473
|2 czenas
|
| 700 |
0 |
|
|a Batt,
|d 1972-
|7 jn20020717533
|4 ill
|
| 700 |
1 |
|
|a Firchow, Steve
|4 ill
|
| 700 |
1 |
|
|a Dort, Pavel
|7 mzk2010582544
|4 trl
|
| 700 |
1 |
|
|a Silvestri, Marc,
|d 1959-
|7 jn20020717532
|4 ill
|
| 910 |
|
|
|a BOA001
|b 2-1095.003
|
| 990 |
|
|
|a BK
|
| 996 |
6 |
|
|b 2610150134
|c 2-1095.003
|l MZK
|r Sklad / do 1 hodiny
|n 8
|p p.v.
|w 000581712
|u 000010
|a 1
|e BOA001
|j MZK50
|s P
|